• 首页
  • 本馆介绍
  • 公告通知
  • 最新文献
  • 馆藏检索
  • 电子资源
  • 读者导购
  • 参考咨询
  • 我的图书馆
  • 登录
  • 详细信息显示
  • 放入我的书架
  • 预约/预借图书
  • 作者相关作品
  • 分类相关作品
  • 丛书相关作品
  • 出版社相关作品

书目信息

  • 表格格式
  • 工作单格式
  • 卡片格式
题名:
古希腊神话故事
    
 
作者: 刘世洁 , 余祖政 , 刘佳 编著
分册:  
出版信息: 北京   北京联合出版公司  2014
页数: 427页
开本: 25cm
丛书名:
单 册:
中图分类: I17(198.4)
科图分类:
主题词: 神话--作品集--古希腊
电子资源:
ISBN: 978-7-5502-3713-1
000 00725nam0 2200253 450
001 338861
005 20150603101450.73
010    @a978-7-5502-3713-1@b精装@dCNY75.00
100    @a20141226d2014 em y0chiy50 ea
101 0  @achi
102    @aCN@b110000
105    @aa z 000fy
106    @ar
200 1  @a古希腊神话故事@Agu xi la shen hua gu shi@f刘世洁, 余祖政, 刘佳等编著
210    @a北京@c北京联合出版公司@d2014
215    @a427页@c彩图@d25cm
300    @a彩色悦读馆
606 0  @a神话@x作品集@x古希腊
690    @aI17(198.4)@v5
701  0 @a刘世洁@Aliu shi jie@4编著
701  0 @a余祖政@Ayu zu zheng@4编著
701  0 @a刘佳@Aliu jia@4编著
801  0 @aCN@b卓展宏图@c20150525
905    @dI17(198.4)@e399@f5
    
    古希腊神话故事/刘世洁, 余祖政, 刘佳等编著.-北京:北京联合出版公司,2014
    427页:彩图;25cm
    彩色悦读馆
    
    ISBN 978-7-5502-3713-1(精装):CNY75.00
    
●
相关链接 在E读中查询图书 在五车中查询图书 在当当中查询图书 在豆瓣中查询图书


正题名:古希腊神话故事     索取号:I17(198.4)/399         预约/预借

序号 登录号 条形码 馆藏地/架位号 状态 备注
1 860903   208609031   第一样本阅览室/ [索取号:I17(198.4)/399] 在馆    
2 860904   208609040   第二借阅区/ [索取号:I17(198.4)/399] 在馆    
3 860905   208609059   第二借阅区/ [索取号:I17(198.4)/399] 在馆    
4 860906   208609068   第二借阅区/ [索取号:I17(198.4)/399] 在馆    
5 860907   208609077   第二借阅区/ [索取号:I17(198.4)/399] 在馆    
唐山师范学院图书馆 欢迎您!
大连网信软件有限公司© 版权所有